| 000 | 01553 a2200385 4500 | ||
|---|---|---|---|
| 999 |
_c200419700 _d37521 |
||
| 001 | 200419700 | ||
| 003 | TR-AnTOB | ||
| 005 | 20190411164226.0 | ||
| 008 | 140610s tu 000 0 | ||
| 040 |
_aTR-AnTOB _btur _erda _cTR-AnTOB |
||
| 041 | 0 | _atur | |
| 050 | 0 | 0 |
_aTH4961 _b.C6619 2008 |
| 090 | _aTH4961 .C6619 2008 | ||
| 100 | 1 |
_aRichardson, Malcolm D. _999386 |
|
| 245 | 1 | 0 |
_aBahçenizin ustası olun : _bçardaktan yaya yoluna 150 örnek proje / _ceditor, Nancy Baldrica, çeviri Meltem Erdem, Bilge Ar. |
| 264 |
_aMalden, Mass. : _bBlackwell, _c2003. |
||
| 300 |
_a502 p. : _bill. (chiefly col.), col. plans ; _c23 cm. |
||
| 336 |
_atext _2rdacontent |
||
| 337 |
_aunmediated _2rdamedia |
||
| 338 |
_avolume _2rdacarrier |
||
| 504 | _aIncludes bibliographical references and index | ||
| 650 | 7 |
_aAğaç işi _vAmatör el kitapları _2etuturkob _999398 |
|
| 650 | 7 |
_aEk yapılar _xTasarım ve yapım _vAmatör el kitapları _2etuturkob _999397 |
|
| 650 | 7 |
_aBahçe yapıları _xTasarım ve yapım _vAmatör el kitapları _2etuturkob _999395 |
|
| 650 | 0 |
_aWoodwork _vAmateurs' manuals _999393 |
|
| 650 | 7 |
_aOutbuildings _xDesign and construction _vAmateurs' manuals _2etuesh _999392 |
|
| 650 | 0 |
_aGarden structures _xDesign and construction _vAmateurs' manuals _999390 |
|
| 650 | 7 |
_aBuilding, Wooden _vAmateurs' manuals _2etuesh _999391 |
|
| 650 | 7 |
_aYapı, Ahşap _vAmatör el kitapları _2etuturkob _999396 |
|
| 700 | 1 |
_aErdem, Meltem _999387 |
|
| 700 | 1 |
_aAr, Bilge _999388 |
|
| 700 | 1 |
_aBaldrica, Nancy _999389 |
|
| 942 |
_cBK _2lcc |
||
| 990 | _at.o 05.02.2014 | ||